00326nam a2200121Ia 4500008004100000020001800041040001200059082001400071100002100085245004200106260004100148300001500189200103s9999||||xx |||||||||||||| ||und|| a9780071125208 aIMU-MPC aColumn-33 aKelly, S. Graham 0aFundamentals of Mechanical Vibrations bMcGraw-Hill Book Company, Inc.c1993 axviii, 643